Smurfs Quiz - Statistics

General Stats
  • This quiz has been taken 70 times
  • The average score is 7 of 11
Answer Stats
Hint Answer % Correct
what colour are papa smurfs hat and pants? red
92%
what is the name of the only female smurf? smurfette
88%
who is the evil wizard? gargamel
85%
what is the name of the lead smurf? papa smurf
83%
what colour does the moon turn? blue
79%
what is the name of the smurf who is always tripping over his own feet? clumsy
77%
what do the smurfs' houses look like? mushrooms
75%
what city do the smurfs visit? new york
60%
what colour is the evil wizards cat? ginger
29%
what's her partners name? patrick
21%
what's the name of the female human who takes in the smurfs? grace
17%
No matching quizzes found
Score Distribution
Percent of People with Each Score
Percentile by Number Answered
Your Score History
You have not taken this quiz